| 000 | 00537nam a22001937a 4500 | ||
|---|---|---|---|
| 003 | OSt | ||
| 005 | 20250423110759.0 | ||
| 008 | 130304t xxu||||| |||| 00| 0 eng d | ||
| 020 | _a1878058630 | ||
| 050 |
_aQA 76.76 _bL665 1993 |
||
| 082 |
_aCS00543 _bL57 1993 |
||
| 245 |
_aUNIX for dummies _cLevine, John R., Young Margaret Levine |
||
| 260 |
_a (Foster City, California) _b IDG Books Worldwide, Inc. _c1993 |
||
| 300 |
_axxiv, 376p. _b ill. _c23.4 cm. |
||
| 526 | _c1210L-1700L | ||
| 562 | _e1 | ||
| 942 |
_2lcc _cBK |
||
| 999 |
_c16421 _d16421 |
||